000 00884nam a2200265 i 4500
001 bg
100 1 _aPODBIELKOWSKI, Zbigniew.
245 1 0 _aFitogeografia części świata.
_nT. 2,
_pAmeryka, Australia i Oceania, Antarktyda /
_cZbigniew Podbielkowski.
250 _aWyd. 3.
260 _aWarszawa :
_bWydaw. Naukowe PWN,
_c2002.
300 _a238, [1] s. :
_bil., mapy ;
_c24 cm.
504 _aBibliogr. Indeksy.
650 9 _aRośliny
_xgeografia
655 _aPodręczniki akademickie
020 _a8301138904 (t. 2)
020 _a8301138912 (2 t.)
040 _cBPK
041 0 _apol
080 _a581.9(075.8)
920 _a83-01-13890-4 (t. 2)
920 _a83-01-13891-2 (2 t.)
942 _cKS
008 s pl f |000 0 pol
999 _c43129
_d43129
856 _uhttp://koha.tu.koszalin.pl/cgi-bin/koha/opac-detail.pl?biblionumber=43129
_yKatalog online BPK